Criminal procedure in Nigeria: law and practice (Record no. 39847)

MARC details
000 -LEADER
fixed length control field 00438nam a2200181Ia 4500
020 ## - INTERNATIONAL STANDARD BOOK NUMBER
ISBN 1854311131
050 ## - CALL MARK
Classification number KP 93 .D6/
100 ## - STATEMENT OF RESPONSIBILITY--MAIN AUTHOR NAME
Personal name Doherty, Oluwatoyin
245 #0 - TITLE STATEMENT
Title Criminal procedure in Nigeria: law and practice
260 ## - PUBLICATION, DISTRIBUTION, ETC. (IMPRINT)
Place of publication London
260 ## - PUBLICATION, DISTRIBUTION, ETC. (IMPRINT)
Name of publisher Black Stone Press Ltd
260 ## - PUBLICATION, DISTRIBUTION, ETC. (IMPRINT)
Year of publication 2009
300 ## - PHYSICAL DESCRIPTION
Number of Pages 494 p
650 ## - SUBJECT ADDED ENTRY--TOPICAL TERM
Topical Term London
942 ## - ADDED ENTRY ELEMENTS (KOHA)
Koha item type Books
Holdings
Withdrawn status Lost status Source of classification or shelving scheme Damaged status Not for loan Permanent Location Current Location Shelving location Date acquired Accession Number Price effective from Koha item type
    Library of Congress Classification     Law Library Law Library Items on shelf 06/03/2025 0012163 06/03/2025 Books
    Library of Congress Classification     NILE UNIVERSITY OF NIGERIA - MAIN LIBRARY NILE UNIVERSITY OF NIGERIA - MAIN LIBRARY Items on shelf 06/03/2025 0012164 06/03/2025 Books